Curso de derecho mercantil / (Record no. 128340)

MARC details
000 -LEADER
fixed length control field 00617nam a22001817a 4500
005 - DATE AND TIME OF LATEST TRANSACTION
control field 20170224090852.0
008 - FIXED-LENGTH DATA ELEMENTS--GENERAL INFORMATION
fixed length control field 170224bmx mx ||||| |||| 000 0 spa d
020 ## - INTERNATIONAL STANDARD BOOK NUMBER
International Standard Book Number 9684324014 (Tomo I)
050 04 - LIBRARY OF CONGRESS CALL NUMBER
Classification number KKT920
Item number G37 1987
100 1# - MAIN ENTRY--PERSONAL NAME
Personal name Garrigues, Joaquín,
Relator term autor
245 10 - TITLE STATEMENT
Title Curso de derecho mercantil /
Statement of responsibility, etc Joaquín Garrigues ; revisada con la colaboración de Alberto Bercoovitz.
250 ## - EDITION STATEMENT
Edition statement Octava edición rev.
260 ## - PUBLICATION, DISTRIBUTION, ETC. (IMPRINT)
Place of publication, distribution, etc México :
Name of publisher, distributor, etc Porrúa,
Date of publication, distribution, etc c1987
300 ## - PHYSICAL DESCRIPTION
Extent xliii, 969 páginas ;
Dimensions 24 cm.
650 #7 - SUBJECT ADDED ENTRY--TOPICAL TERM
Source of heading or term lemb
Topical term or geographic name as entry element Derecho comercial
Geographic subdivision España
700 1# - ADDED ENTRY--PERSONAL NAME
Personal name Bercovitz, Alberto,
Relator term rev.
942 ## - ADDED ENTRY ELEMENTS (KOHA)
Source of classification or shelving scheme Biblioteca del Cogreso de los Estados Unidos
Koha item type Libro
Holdings
Estado de pérdida Fuente de clasificación Estado del daño No para préstamo Ubicación permanente Ubicación actual Apartado o colección Fecha de adquisición Fuente de adquisición Edición Enumeración de Serie / Cronológica Dependencia de educación superior (DES) Área del conocimiento Clasificación Código de Barras Date last seen Número de copia Tipo de recurso
  Biblioteca del Cogreso de los Estados Unidos     Biblioteca de la Facultad de Derecho y Ciencias Sociales "Felipe J. Tena" Biblioteca de la Facultad de Derecho y Ciencias Sociales "Felipe J. Tena" General 24/02/2017 Donación 8a ed. BFD000008836 Derecho Ciencias Sociales y Administrativas KKT920 G37 1987 V.1 8A ED. BFD000008836 24/02/2017 1 Libro